| 000 | 00357nam a2200145Ia 4500 | ||
|---|---|---|---|
| 005 | 20221126110432.0 | ||
| 008 | 131103s9999 xx 000 0 und d | ||
| 040 | _aLoreto College | ||
| 041 | _aEnglish | ||
| 082 |
_a954.14 _bMAJ |
||
| 245 |
_aHistory of Ancient Bengal _cR.C. Majumdar |
||
| 650 | _aBengal, India, History | ||
| 850 | _aLCLIB | ||
| 942 | _cBK | ||
| 999 |
_c19132 _d69611 |
||